000
00306nam a22001337a 4500
008
170301b xxu||||| |||| 00| 0 eng d
020
_a
9780323039383
041
_a
eng
080
_2
4 ED
_a
61
100
_a
6
101
_a
SHM
245
_a
DECISION MAKING IN ANETHESSIOOLOGY
_c
BREADY.L.L
942
_2
udc
_c
BK
999
_c
6523
_d
6523